header

Grassland ecophysiology and grazing ecology (Record no. 138576)

MARC details
000 -LEADER
fixed length control field 01524nam a2200349Ia 4500
245 00 - TITLE STATEMENT
Title Grassland ecophysiology and grazing ecology
260 ## - PUBLICATION, DISTRIBUTION, ETC. (IMPRINT)
Place of publication New York :
Name of publisher CABI Pub.,
Year of publication 2000.
300 ## - PHYSICAL DESCRIPTION
Number of Pages xiv, 422 p.
500 ## - GENERAL NOTE
General note Edited and revised versions of papers presented at an international conference held in Curitiba, Parana, Brazil, Aug. 24-26, 1999.
650 #0 - SUBJECT ADDED ENTRY--TOPICAL TERM
Topical Term Range management
Topical Term Grasses
Topical Term Range ecology
Topical Term Rangelands
Topical Term Grasses
Topical Term Range ecology
700 1# - ADDED ENTRY--PERSONAL NAME
Personal name Lemaire, Gilles,
856 40 - ELECTRONIC LOCATION AND ACCESS
Uniform Resource Identifier http://site.ebrary.com/lib/rucke/Doc?id=10172424

No items available.

© 2026 Rongo University
Contact us: librarian | system librarian | Rongo university